000 00849nam a2200289 c 4500
003 BLK
005 20230324100742.0
008 180408b bul|||||r ||||||| ||bul||
010 _aKNG00043750000
020 _a0-14-062145-8
_bиздат.: Penguin
040 _aBLK
041 _aENG
_cENG
080 _aАнглийска литература
_b821.111
_x-32
_z821.111-32
100 1 _aJerome, Jerome Klapka
_9256139
139 _aJerome, Jerome Klapka
_bJ 43
245 1 0 _aThree Men on the Bummel
_cJerome Klapka Jerome.
257 _aGBR
260 London
_bPenguin
_c1994
300 _a207 c.
_c18 cm
380 _aX
490 1 _aPenguin Popular Classics
852 _aЦб І 28606
856 4 _qpdf
_u
856 4 _qpdf
_u
942 _cKNG
_n0
944 _aCR
_c01.01.1999
_kТеодора_Стоянова
944 _aED
_c15.09.2008
_k
999 _c40318
_d40318